[Event "La Roda op 36th"]
[Site "La Roda"]
[Date "2009.04.08"]
[Round "1"]
[White "Larino Nieto, David"]
[Black "Costa Tejedor, Juan Carlos"]
[Result "1-0"]
[WhiteElo "2464"]
[BlackElo "2015"]
[PlyCount "51"]
[EventDate "2009.04.08"]
[EventType "swiss"]
[EventRounds "9"]
[EventCountry "ESP"]
[SourceTitle "CBM 129 Extra"]
[Source "ChessBase"]
[SourceDate "2009.05.05"]
[SourceVersion "2"]
[SourceVersionDate "2009.05.20"]
[SourceQuality "1"]

1. e4 c5 2. Nc3 Nc6 3. g3 d6 4. Bg2 Nf6 5. d3 g6 6. h3 Bg7 7. f4 Nh5 8. Nge2 Nd4 9. g4 Nf6 10. Ng3 h5 11. g5 Nd7 12. h4 Nb6 13. 0-0 Bg4 14. Qd2 Qd7 15. Kh2 0-0 16. Nd1 e5 17. f5 gxf5 18. exf5 Nxf5 19. Nxf5 Bxf5 20. Ne3 Bg4 21. Nxg4 Qxg4 22. Qf2 Qe6 23. Bh3 Qe7 24. Qf3 Rae8 25. Qxh5 Nd5 26. Bf5 1-0